000 01062nam a2200253Ia 4500
999 _c53296
_d53296
001 20337
003 GE_BSU
005 20200920212251.0
008 181216s1962||||ge |||||||||||||| ||geo||
040 _cGE_BSU
041 _ageo
080 _a811.353.1'35(076.1) თ39
100 _aთაბუკაშვილი, შ.
_95999
245 _aპუნქტუაცია :
_bსაშ. სკოლისათვის (სავარჯიშოთა კრებული) /
_cშ. თაბუკაშვილი ; რედ. ე. პოლოლიკაშვილი.
250 _aმე-9 გამოცემა
264 _aთბილისი :
_bცოდნა,
_c1962.
300 _a104 გვ. ;
_c22 სმ
541 _h24თ.
653 _a ქართული ენის პუნქტუაცია
653 _a სავარჯიშოები
653 _aქართული ენა
700 _aპოლოლიკაშვილი, ე.
_eრედაქტორი
_94959
942 _cBK
_2udc